000 00238nam a2200097Ia 4500
001 1055872
005 20250827001350.0
008 250824s9999 xx 000 0 und d
245 0 _aGÖKKURT
_cÇAĞLAYAN YILMAZ
260 _bPANAMA YAYINLARI
999 _c1055872
_d1055872